[Event "London CSC 5-Day U2050 op 10th"]
[Site "London"]
[Date "2018.12.13"]
[Round "5"]
[White "Staneland, Peter E"]
[Black "Barton, R Alan"]
[Result "1-0"]
[WhiteElo "1756"]
[BlackElo "2037"]
[PlyCount "135"]
[EventDate "2018.12.09"]
[EventType "swiss"]
[EventRounds "5"]
[EventCountry "ENG"]
[SourceTitle "EXT 2020"]
[Source "ChessBase"]
[SourceDate "2019.10.17"]
[SourceVersion "1"]
[SourceVersionDate "2019.10.17"]
[SourceQuality "1"]

1. Nf3 d6 2. d4 Bg4 3. e4 Nd7 4. h3 Bxf3 5. Qxf3 c6 6. Bc4 e6 7. Nc3 Ngf6 8. Be3 d5 9. exd5 cxd5 10. Bb5 Bb4 11. Bg5 Qa5 12. Bxd7+ Nxd7 13. 0-0 Bxc3 14. bxc3 0-0 15. Qg3 f6 16. Bd2 Rf7 17. Rfd1 Qa4 18. Qd6 Nf8 19. Rdc1 Rc8 20. h4 Rc6 21. Qg3 Ra6 22. h5 Qc4 23. h6 g6 24. a3 Nd7 25. Rcb1 Nb6 26. Qg4 Qc6 27. Qg3 Qc8 28. Rb3 Nc4 29. Bf4 Qe8 30. Rab1 Qc8 31. Bc1 Rc6 32. Rb5 b6 33. a4 Nd6 34. R5b4 Ne4 35. Qg4 f5 36. Qh4 Nxc3 37. Ra1 Qc7 38. Be3 Qe7 39. Qxe7 Rxe7 40. a5 Rb7 41. axb6 Rcxb6 42. Rxb6 Rxb6 43. Rxa7 f4 44. Rg7+ Kh8 45. Bd2 Ne2+ 46. Kh2 Rc6 47. c3 Ra6 48. g3 fxg3+ 49. fxg3 Ra2 50. Bg5 Nxd4+ 51. Kh3 Nf5 52. Rc7 Kg8 53. g4 Nd6 54. Rg7+ Kh8 55. Rd7 Ne8 56. Rd8 Kg8 57. Rxe8+ Kf7 58. Re7+ Kf8 59. Rxe6 Rc2 60. Bf6 Kf7 61. Rd6 g5 62. Bd4 Rd2 63. Rxd5 Rd3+ 64. Kg2 Rd2+ 65. Kf3 Rd3+ 66. Ke4 Rg3 67. Kf5 Rf3+ 68. Kxg5 1-0

[Event "London Classic op 5th"]
[Site "London"]
[Date "2013.12.09"]
[Round "3"]
[White "Barasi, Paul Dl"]
[Black "Staneland, Peter E"]
[Result "1-0"]
[WhiteElo "1914"]
[BlackElo "1829"]
[PlyCount "67"]
[EventDate "2013.12.07"]
[EventType "swiss"]
[EventRounds "9"]
[EventCountry "ENG"]
[SourceTitle "CBM 157 Extra"]
[Source "ChessBase"]
[SourceDate "2013.12.19"]
[SourceVersion "1"]
[SourceVersionDate "2013.12.19"]
[SourceQuality "1"]

1. d4 d5 2. Bg5 h6 3. Bh4 c6 4. e3 Qb6 5. Nf3 Nd7 6. c4 Ngf6 7. Qc2 dxc4 8. Bxc4 e6 9. 0-0 c5 10. Nc3 cxd4 11. Nxd4 Be7 12. Na4 Qa5 13. Bxe6 0-0 14. Bb3 Qh5 15. Nf5 Bd8 16. Bg3 b5 17. Nc3 Nc5 18. Nd6 Nxb3 19. axb3 b4 20. Ne2 Bb6 21. Rfc1 Bd7 22. Nf4 Qg5 23. Qd2 h5 24. h4 Qg4 25. Rc4 Be6 26. Rxb4 Bc5 27. Rba4 Bxb3 28. Ra5 Bxd6 29. Qxd6 Rfd8 30. Qa3 Rd1+ 31. Kh2 Rxa1 32. Qxa1 Rd8 33. f3 Qf5 34. Rxf5 1-0

[Event "London Classic op"]
[Site "London"]
[Date "2011.12.11"]
[Round "9"]
[White "Staneland, Peter E"]
[Black "McKerracher, Douglas"]
[Result "0-1"]
[WhiteElo "1812"]
[BlackElo "1976"]
[PlyCount "78"]
[EventDate "2011.12.03"]
[EventType "swiss"]
[EventRounds "9"]
[EventCountry "ENG"]
[SourceTitle "CBM 145 Extra"]
[Source "ChessBase"]
[SourceDate "2012.01.03"]
[SourceVersion "1"]
[SourceVersionDate "2012.01.03"]
[SourceQuality "1"]

1. Nf3 f5 2. d4 Nf6 3. c4 e6 4. Nc3 d5 5. e3 c6 6. cxd5 exd5 7. Bd3 Bd6 8. 0-0 0-0 9. Ne5 Nbd7 10. f4 Ne4 11. Bxe4 fxe4 12. Bd2 Nf6 13. Qe2 Qe8 14. Rac1 b6 15. a4 a5 16. Qf2 Ba6 17. Rfe1 Rc8 18. Ne2 Rc7 19. b3 Qc8 20. Qh4 Be7 21. Ng3 Bd6 22. Qg5 Qe8 23. Nf5 Ba3 24. Rxc6 Ra7 25. Rxb6 Bc8 26. Rb8 Qh5 27. Qxh5 Nxh5 28. Ng3 Nf6 29. Rb5 Rc7 30. Bxa5 Rc2 31. Bb4 Bxb4 32. Rxb4 Ba6 33. Rb6 Bd3 34. Nf5 g6 35. Ne7+ Kg7 36. Rb7 Kh8 37. b4 Ra8 38. a5 Ne8 39. Nxd3 Nd6 0-1

[Event "London Classic op"]
[Site "London"]
[Date "2011.12.08"]
[Round "6"]
[White "Obiamiwe, Paul"]
[Black "Staneland, Peter E"]
[Result "1-0"]
[WhiteElo "2001"]
[BlackElo "1812"]
[PlyCount "119"]
[EventDate "2011.12.03"]
[EventType "swiss"]
[EventRounds "9"]
[EventCountry "ENG"]
[SourceTitle "CBM 145 Extra"]
[Source "ChessBase"]
[SourceDate "2012.01.03"]
[SourceVersion "1"]
[SourceVersionDate "2012.01.03"]
[SourceQuality "1"]

1. Nf3 Nf6 2. c4 c5 3. Nc3 Nc6 4. d4 cxd4 5. Nxd4 g6 6. e4 d6 7. Be2 Bg7 8. Be3 0-0 9. 0-0 a6 10. Rc1 Bd7 11. a3 Nxd4 12. Bxd4 Bc6 13. f3 e6 14. b4 Qe7 15. Re1 Rfd8 16. Bb6 Rdc8 17. Qd2 Be8 18. Red1 Rc6 19. Bf2 Nd7 20. b5 Bxc3 21. Rxc3 axb5 22. cxb5 Rxc3 23. Qxc3 d5 24. exd5 exd5 25. Bf1 Qxa3 26. Qxa3 Rxa3 27. Rxd5 Ra1 28. Bd4 Rc1 29. b6 Nf8 30. Kf2 Ne6 31. Be3 Rc2+ 32. Kg3 Bc6 33. Rd2 Rxd2 34. Bxd2 f5 35. Bc4 Kf7 36. Kf2 Ke7 37. Bb4+ Kf6 38. g3 Ng5 39. Be2 Bd5 40. h4 Ne6 41. Ke3 Kf7 42. f4 Ke8 43. g4 fxg4 44. Bxg4 h5 45. Be2 Bc6 46. f5 gxf5 47. Bxh5+ Kd7 48. Bg6 f4+ 49. Kf2 f3 50. h5 Ng5 51. Bf5+ Ke8 52. h6 Ne4+ 53. Kxf3 Nf6+ 54. Kf4 Nd5+ 55. Kg5 Kf7 56. h7 Kg7 57. Bc5 Nf6 58. Bd4 Kf7 59. Bxf6 Be4 60. Bxe4 1-0

[Event "London Classic op"]
[Site "London"]
[Date "2011.12.03"]
[Round "1"]
[White "Staneland, Peter E"]
[Black "Josse, Mark"]
[Result "0-1"]
[WhiteElo "1812"]
[BlackElo "2162"]
[PlyCount "76"]
[EventDate "2011.12.03"]
[EventType "swiss"]
[EventRounds "9"]
[EventCountry "ENG"]
[SourceTitle "CBM 145 Extra"]
[Source "ChessBase"]
[SourceDate "2012.01.03"]
[SourceVersion "1"]
[SourceVersionDate "2012.01.03"]
[SourceQuality "1"]

1. Nf3 Nf6 2. c4 g6 3. Nc3 Bg7 4. d4 0-0 5. e3 c5 6. Be2 cxd4 7. exd4 d5 8. 0-0 Nc6 9. Bf4 dxc4 10. Bxc4 a6 11. h3 b5 12. Bb3 Bb7 13. Re1 Na5 14. Bc2 e6 15. Bg5 Qb6 16. Qe2 Rac8 17. Rad1 Nc4 18. Ne5 Nxb2 19. Bxf6 Nxd1 20. Nxd1 Bxf6 21. Nd7 Qxd4 22. Nxf8 Kxf8 23. Ne3 Qc5 24. Bd3 Bg7 25. Rb1 Qc6 26. Qg4 Kg8 27. Be2 Qe4 28. Rd1 Qxg4 29. Bxg4 Bb2 30. Rd7 Rc1+ 31. Bd1 Bd5 32. Kh2 Be5+ 33. g3 Bc6 34. Rd8+ Kg7 35. Rc8 Bb2 36. h4 h5 37. Rc7 Kf6 38. g4 Be5+ 0-1

[Event "High Wycombe e2e4 Major"]
[Site "Uplands Park"]
[Date "2011.10.10"]
[Round "5"]
[White "Staneland, Peter E"]
[Black "Tart, Peter K"]
[Result "1-0"]
[WhiteElo "1796"]
[BlackElo "1946"]
[PlyCount "149"]
[EventDate "2011.10.07"]
[EventType "swiss"]
[EventRounds "5"]
[EventCountry "ENG"]
[SourceTitle "EXT 2023"]
[Source "ChessBase"]
[SourceDate "2022.10.05"]
[SourceVersion "1"]
[SourceVersionDate "2022.10.05"]
[SourceQuality "1"]

1. Nf3 g6 2. e4 Bg7 3. d4 c5 4. c3 cxd4 5. cxd4 Nc6 6. Nc3 d6 7. Bc4 Nf6 8. d5 Na5 9. Bb5+ Bd7 10. Bxd7+ Nxd7 11. 0-0 0-0 12. Bg5 h6 13. Bf4 Nc4 14. Qe2 Rc8 15. Rac1 Qa5 16. b3 Nce5 17. Nxe5 Nxe5 18. Bd2 a6 19. Na4 Qb5 20. Qe3 Qd3 21. Nb6 Qxe3 22. Bxe3 Rxc1 23. Rxc1 Ng4 24. Rc7 Nxe3 25. fxe3 e6 26. Rxb7 exd5 27. exd5 f5 28. g3 g5 29. Nc4 f4 30. gxf4 gxf4 31. exf4 Rxf4 32. Nxd6 Rg4+ 33. Kf1 Rg5 34. Rb6 Rxd5 35. Rxa6 Be5 36. Ne4 Rd4 37. Ng3 Rd2 38. Nf5 Rxh2 39. Nxh6+ Kf8 40. Ng4 Rh1+ 41. Kg2 Re1 42. Nxe5 Rxe5 43. Kf3 Ke7 44. Rc6 Kd7 45. Rc2 Kd6 46. b4 Re1 47. a4 Rb1 48. b5 Rb4 49. Rc6+ Kd7 50. Ra6 Kc7 51. Ke3 Kb7 52. Kd3 Rh4 53. Kc3 Rg4 54. Kb3 Rg3+ 55. Kb4 Rg4+ 56. Ka5 Rg5 57. Rf6 Rg7 58. Rf4 Ka7 59. Kb4 Kb7 60. a5 Ka7 61. a6 Rg1 62. Rf7+ Ka8 63. b6 Rb1+ 64. Kc5 Rc1+ 65. Kd6 Rd1+ 66. Kc7 Rc1+ 67. Kd8 Rc8+ 68. Kd7 Rb8 69. Kc6 Rh8 70. Rd7 Rg8 71. b7+ Kb8 72. Rd6 Ka7 73. Kc7 Rh8 74. Rd8 Rh7+ 75. Kc8 1-0

[Event "High Wycombe e2e4 Major"]
[Site "Uplands Park"]
[Date "2011.10.09"]
[Round "4"]
[White "Dydak, Mateusz"]
[Black "Staneland, Peter E"]
[Result "1/2-1/2"]
[WhiteElo "1914"]
[BlackElo "1796"]
[PlyCount "143"]
[EventDate "2011.10.07"]
[EventType "swiss"]
[EventRounds "5"]
[EventCountry "ENG"]
[SourceTitle "EXT 2023"]
[Source "ChessBase"]
[SourceDate "2022.10.05"]
[SourceVersion "1"]
[SourceVersionDate "2022.10.05"]
[SourceQuality "1"]

1. e4 e6 2. d4 d5 3. Nc3 Bb4 4. e5 c5 5. a3 cxd4 6. axb4 dxc3 7. Qg4 g6 8. Nf3 Qc7 9. Bd3 Nc6 10. 0-0 Nxe5 11. Nxe5 Qxe5 12. bxc3 Nf6 13. Qf3 Bd7 14. Bh6 Ne4 15. Bf4 Qf6 16. Bxe4 dxe4 17. Qxe4 Bc6 18. Qe3 0-0 19. Be5 Qf5 20. Bd4 Qg4 21. f3 Qh5 22. Ra5 b5 23. g4 Qd5 24. Bf6 g5 25. Raa1 h6 26. Rad1 Qc4 27. Rd4 Qa2 28. Rf2 Rfe8 29. Rfd2 Bd5 30. h4 Qb1+ 31. Kg2 Bc4 32. Rf2 e5 33. Re4 Qd1 34. hxg5 Re6 35. Bxe5 Rae8 36. gxh6 Qd5 37. Rd2 Qb7 38. Qg5+ Rg6 39. h7+ Kxh7 40. Qf5 Bd5 41. Rf4 Be6 42. Qe4 Qxe4 43. Rxe4 f5 44. Re1 fxg4 45. Rh1+ Kg8 46. Rh8+ Kf7 47. Rh7+ Kg8 48. Rh8+ Kf7 49. Rxe8 gxf3+ 50. Kxf3 Kxe8 51. Ke4 Bc4 52. Kd4 Rc6 53. Rh2 a6 54. Rh7 Kf8 55. Ra7 Ke8 56. Rc7 Rxc7 57. Bxc7 Kd7 58. Ba5 Ke6 59. Kc5 Kf5 60. Kb6 Kf4 61. Kxa6 Ke3 62. Bd8 Kd2 63. Bf6 Kxc2 64. Kb6 Kb1 65. Kc7 Kc2 66. Kb7 Kd3 67. Bd4 Ke4 68. Kc6 Kf3 69. Kb6 Ke4 70. Kc6 Kd3 71. Kb6 Ke4 72. Kc6 1/2-1/2

[Event "London Classic op"]
[Site "London"]
[Date "2010.12.13"]
[Round "6"]
[White "Owen, Dennis P"]
[Black "Staneland, Peter E"]
[Result "1-0"]
[WhiteElo "2045"]
[BlackElo "1787"]
[PlyCount "147"]
[EventDate "2010.12.08"]
[EventType "swiss"]
[EventRounds "9"]
[EventCountry "ENG"]
[SourceTitle "CBM 139 Extra"]
[Source "ChessBase"]
[SourceDate "2011.01.05"]
[SourceVersion "1"]
[SourceVersionDate "2011.01.05"]
[SourceQuality "1"]

1. e4 e6 2. d4 d5 3. e5 c5 4. c3 Nc6 5. Nf3 Qb6 6. a3 c4 7. g3 Bd7 8. Bg2 f6 9. exf6 Nxf6 10. Qe2 Bd6 11. Ne5 Qc7 12. Nxd7 Qxd7 13. Bh3 Nd8 14. 0-0 0-0 15. f4 Re8 16. Nd2 Qf7 17. Nf3 Ne4 18. Ne5 Qe7 19. Bg2 Nf6 20. Bd2 Nc6 21. Rae1 Qc7 22. Bh3 Ne4 23. Bc1 Re7 24. Bg2 Nf6 25. Ng4 Rf8 26. Nxf6+ Rxf6 27. Rf3 Qb6 28. Re3 Kf7 29. Qc2 h6 30. Rf1 Qc7 31. f5 e5 32. Bxd5+ Kf8 33. Bxc4 exd4 34. Rxe7 Qxe7 35. cxd4 Nxd4 36. Qd3 Bc5 37. Kg2 Qe5 38. b4 Bb6 39. Bf4 Qe8 40. g4 Qc6+ 41. Kg3 Qd7 42. Qe4 Bc7 43. Re1 Bxf4+ 44. Qxf4 Rc6 45. Be6 Qc7 46. Re3 Nxe6 47. fxe6+ Qxf4+ 48. Kxf4 Ke7 49. Kf5 a6 50. Kg6 Rc2 51. h3 Rg2 52. Kxg7 h5 53. Re4 Rg3 54. Kh6 hxg4 55. hxg4 Rxa3 56. g5 Rh3+ 57. Kg6 b6 58. Kf5 a5 59. bxa5 bxa5 60. Ra4 Rf3+ 61. Kg6 Kxe6 62. Rxa5 Rf8 63. Kg7 Rf7+ 64. Kg6 Rf8 65. Ra6+ Ke5 66. Kg7 Rf2 67. Rf6 Rh2 68. g6 Rh3 69. Kf7 Rh6 70. Rf1 Rh3 71. g7 Rh7 72. Kg6 Rh2 73. g8Q Rg2+ 74. Kf7 1-0

[Event "London Classic op"]
[Site "London"]
[Date "2010.12.12"]
[Round "5"]
[White "Staneland, Peter E"]
[Black "Segura del Frago, Imanol"]
[Result "1-0"]
[WhiteElo "1787"]
[BlackElo "2042"]
[PlyCount "60"]
[EventDate "2010.12.08"]
[EventType "swiss"]
[EventRounds "9"]
[EventCountry "ENG"]
[SourceTitle "CBM 139 Extra"]
[Source "ChessBase"]
[SourceDate "2011.01.05"]
[SourceVersion "1"]
[SourceVersionDate "2011.01.05"]
[SourceQuality "1"]

1. Nf3 d5 2. c4 d4 3. e3 c5 4. b4 Nc6 5. b5 Nb8 6. exd4 cxd4 7. Bb2 Bg4 8. Bxd4 Nd7 9. Be2 f6 10. Nh4 Be6 11. 0-0 Qc7 12. d3 0-0-0 13. Qa4 Nc5 14. Bxc5 Qxc5 15. Nf3 Kb8 16. Nc3 b6 17. d4 Qc7 18. Rac1 g5 19. d5 Bd7 20. Nd4 f5 21. Nc6+ Bxc6 22. bxc6 a5 23. Nb5 Qe5 24. c7+ Kc8 25. cxd8Q+ Kxd8 26. Rfe1 Nf6 27. Bf3 Ne4 28. Bxe4 fxe4 29. c5 Bg7 30. Qxe4 Qb2 1-0

[Event "Uxbridge Petrosian"]
[Site "Uxbridge"]
[Date "2010.02.15"]
[Round "4"]
[White "Staneland, Peter E"]
[Black "De Coverly, Roger D"]
[Result "0-1"]
[WhiteElo "1742"]
[BlackElo "2109"]
[PlyCount "30"]
[EventDate "2010.02.13"]
[EventType "tourn"]
[EventRounds "9"]
[EventCountry "ENG"]
[SourceTitle "CBM 135 Extra"]
[Source "ChessBase"]
[SourceDate "2010.05.04"]
[SourceVersion "1"]
[SourceVersionDate "2010.05.04"]
[SourceQuality "1"]

1. Nf3 Nf6 2. d4 g6 3. Bg5 Bg7 4. Nbd2 c5 5. c3 cxd4 6. cxd4 Qa5 7. Qc2 Nc6 8. e3 d6 9. Bxf6 Bxf6 10. Bc4 d5 11. Be2 Bf5 12. Qb3 0-0 13. 0-0 Rfc8 14. a3 Qd8 15. Bd3 Na5 0-1

[Event "Uxbridge Petrosian"]
[Site "Uxbridge"]
[Date "2010.02.14"]
[Round "3"]
[White "Campbell, Eoin S"]
[Black "Staneland, Peter E"]
[Result "1/2-1/2"]
[WhiteElo "1954"]
[BlackElo "1742"]
[PlyCount "40"]
[EventDate "2010.02.13"]
[EventType "tourn"]
[EventRounds "9"]
[EventCountry "ENG"]
[SourceTitle "CBM 135 Extra"]
[Source "ChessBase"]
[SourceDate "2010.05.04"]
[SourceVersion "1"]
[SourceVersionDate "2010.05.04"]
[SourceQuality "1"]

1. Nf3 d5 2. c4 c6 3. e3 Nf6 4. Nc3 Bg4 5. cxd5 Nxd5 6. Nxd5 Qxd5 7. Be2 e5 8. 0-0 Nd7 9. d4 Bxf3 10. Bxf3 e4 11. Be2 Bd6 12. Qb3 0-0 13. Qxd5 cxd5 14. Bd2 Nb6 15. Rfc1 Rac8 16. Bg4 f5 17. Rxc8 Nxc8 18. Bd1 Ne7 19. Rc1 Rc8 20. Rxc8+ Nxc8 1/2-1/2

[Event "Uxbridge Petrosian"]
[Site "Uxbridge"]
[Date "2010.02.14"]
[Round "2"]
[White "Staneland, Peter E"]
[Black "Armstrong, Malcolm J"]
[Result "1-0"]
[WhiteElo "1742"]
[BlackElo "2019"]
[PlyCount "79"]
[EventDate "2010.02.13"]
[EventType "tourn"]
[EventRounds "9"]
[EventCountry "ENG"]
[SourceTitle "CBM 135 Extra"]
[Source "ChessBase"]
[SourceDate "2010.05.04"]
[SourceVersion "1"]
[SourceVersionDate "2010.05.04"]
[SourceQuality "1"]

1. Nf3 Nf6 2. d4 c5 3. d5 d6 4. c4 e5 5. Nc3 Be7 6. Qc2 0-0 7. e4 a6 8. h4 Ne8 9. Bg5 f6 10. Be3 f5 11. exf5 Bxf5 12. Bd3 Qd7 13. Ng5 Bxg5 14. hxg5 Bxd3 15. Qxd3 Qf5 16. Qe2 Nd7 17. Kd2 Rf7 18. Rh3 Nf8 19. Rah1 g6 20. g4 Qd7 21. Ne4 b5 22. f3 Rb8 23. Nf6+ Nxf6 24. gxf6 bxc4 25. Qxc4 Rxb2+ 26. Kc3 Rb6 27. Bh6 Rxf6 28. Bxf8 Rxf8 29. Qe4 Rb7 30. g5 Rf4 31. Qxg6+ Qg7 32. Qe8+ Rf8 33. Qe6+ Rbf7 34. Rxh7 Qxh7 35. Rxh7 Kxh7 36. g6+ Kg7 37. gxf7 Rxf7 38. Qxd6 Rxf3+ 39. Kc4 Rf5 40. Kxc5 1-0

[Event "Guernsey op 35th"]
[Site "Guernsey"]
[Date "2009.10.24"]
[Round "7"]
[White "Staneland, Peter E"]
[Black "Rowe, Peter"]
[Result "0-1"]
[WhiteElo "1705"]
[BlackElo "2039"]
[PlyCount "86"]
[EventDate "2009.10.18"]
[EventType "swiss"]
[EventRounds "7"]
[EventCountry "GCI"]
[SourceTitle "EXT 2010"]
[Source "ChessBase"]
[SourceDate "2010.11.25"]
[SourceVersion "1"]
[SourceVersionDate "2010.11.25"]
[SourceQuality "1"]

1. Nf3 d5 2. d4 Nf6 3. c4 e6 4. Nc3 Nbd7 5. e3 Be7 6. Bd3 dxc4 7. Bxc4 c5 8. 0-0 0-0 9. b3 Nb6 10. Bd3 cxd4 11. Nxd4 e5 12. Nde2 Bd7 13. Bb2 Bc6 14. Ng3 Bd6 15. Qe2 Nbd5 16. Rfd1 Qb6 17. Nce4 Bc7 18. Rac1 Rfe8 19. Nh5 Bd8 20. Nd6 Re6 21. Nc4 Qc7 22. Bf5 Re8 23. e4 Nf4 24. Nxf4 exf4 25. e5 g6 26. Qc2 Nh5 27. Bg4 Ng7 28. Nd6 Rf8 29. Qc4 h5 30. Bh3 Bg5 31. e6 fxe6 32. Bxe6+ Nxe6 33. Qxe6+ Kh7 34. Ne4 Kh6 35. Rxc6 Qxc6 36. Rd6 Qe8 37. Nxg5 Kxg5 38. h4+ Kh6 39. Qd5 Rd8 40. Qxb7 Rg8 41. Rf6 Qe1+ 42. Kh2 Qxf2 43. Qf3 Qxf3 0-1

[Event "Guernsey op 35th"]
[Site "Guernsey"]
[Date "2009.10.22"]
[Round "5"]
[White "Goris Schouwstra, Adry"]
[Black "Staneland, Peter E"]
[Result "0-1"]
[WhiteElo "1952"]
[BlackElo "1705"]
[PlyCount "128"]
[EventDate "2009.10.18"]
[EventType "swiss"]
[EventRounds "7"]
[EventCountry "GCI"]
[SourceTitle "EXT 2010"]
[Source "ChessBase"]
[SourceDate "2010.11.25"]
[SourceVersion "1"]
[SourceVersionDate "2010.11.25"]
[SourceQuality "1"]

1. d4 d5 2. Nf3 c5 3. e3 Bf5 4. c4 e6 5. cxd5 Bxb1 6. Qa4+ Nd7 7. dxe6 fxe6 8. Rxb1 a6 9. dxc5 Bxc5 10. Qc4 Qe7 11. Be2 Ngf6 12. 0-0 0-0 13. Nd4 Rae8 14. Bf3 b5 15. Qc3 Kh8 16. b4 Bd6 17. a3 Ne5 18. Be2 Nd5 19. Qd2 Qh4 20. f4 Ng4 21. Bxg4 Qxg4 22. h3 Qg6 23. Bb2 Qe4 24. Rbe1 e5 25. Nf3 Bc7 26. Ng5 Qc4 27. Rc1 Qb3 28. Rfe1 exf4 29. exf4 Bb6+ 30. Bd4 Bxd4+ 31. Qxd4 Rxe1+ 32. Rxe1 Nf6 33. Re3 Qb1+ 34. Kh2 h6 35. Ne6 Rf7 36. Qd8+ Kh7 37. Nf8+ Kg8 38. Nd7+ Kh7 39. Ne5 Rb7 40. Qc8 Re7 41. Qc5 Qf5 42. Rf3 Re8 43. Qd4 Rc8 44. Ng4 Nxg4+ 45. hxg4 Qxg4 46. Qe4+ Kh8 47. Rg3 Qh5+ 48. Rh3 Qf7 49. Qe5 Kg8 50. f5 Rf8 51. Rf3 Qh5+ 52. Kg1 Re8 53. Qd5+ Kh8 54. Qd2 Qh4 55. Rf1 Rf8 56. Rf3 Rf6 57. Qe3 Qg4 58. Qd3 Qg5 59. Qd8+ Kh7 60. Qd3 Qc1+ 61. Kh2 Qe1 62. g3 Qe5 63. Kg2 Rd6 64. f6+ Rxd3 0-1